Britain in the tropics, 1527-1910 (Record no. 433524)

000 -LEADER
fixed length control field 00423cam a22001457a 4500
008 - FIXED-LENGTH DATA ELEMENTS--GENERAL INFORMATION
fixed length control field 180718b1912 xxu||||| |||| 00| 0 eng d
082 ## - DEWEY DECIMAL CLASSIFICATION NUMBER
Classification number A6x42 En36
100 ## - MAIN ENTRY--PERSONAL NAME
Personal name Tilby, A. Wyatt
245 ## - TITLE STATEMENT
Title Britain in the tropics, 1527-1910
Statement of responsibility, etc. by A. Wyatt Tilby
260 ## - PUBLICATION, DISTRIBUTION, ETC.
Place of publication, distribution, etc. London
Name of publisher, distributor, etc. Constable and company
Date of publication, distribution, etc. 1912
300 ## - PHYSICAL DESCRIPTION
Extent v
500 ## - GENERAL NOTE
General note Contents; v.3., 441p.; v.4., 452p.
650 ## - SUBJECT ADDED ENTRY--TOPICAL TERM
Topical term or geographic name entry element Tropics
650 ## - SUBJECT ADDED ENTRY--TOPICAL TERM
Topical term or geographic name entry element Great Britain --Colonies
Holdings
Withdrawn status Lost status Damaged status Not for loan Permanent Location Current Location Date acquired Full call number Barcode Date last seen Price effective from Koha item type
        Indian Institute of Public Administration Indian Institute of Public Administration 2010-02-09 A6x42 En36 A631 2018-07-21 2018-07-21 A
        Indian Institute of Public Administration Indian Institute of Public Administration 2010-02-09 A6x42 En36 A630 2018-07-21 2018-07-21 A

Powered by Koha